Language Quiz

Random Language or Puzzle Quiz

4 letter Words Ending in 'K'... Quiz Stats

 Plays Quiz not verified by Sporcle

Challenge
Share
Tweet
Embed
Score 0/35 Timer 10:00
0 Plays Today
Hint _ _ _ K % Correct
Lacking light.DARK
95.2%
Canine cry found on trees.BARK
95.2%
Stop vehicle in desired position.PARK
95.2%
Loading area for ships.DOCK
90.5%
Rubbish.JUNK
90.5%
Glance.LOOK
90.5%
American; pull suddenly.YANK
90.5%
Bottle stopper.CORK
90.5%
Securing object.LOCK
90.5%
Sense with tongue.LICK
90.5%
Aquarium; war machine.TANK
90.5%
Textile gained from a worm.SILK
90.5%
Search.SEEK
90.5%
Eating tool with tines.FORK
85.7%
Holy man.MONK
85.7%
Benefit.PERK
85.7%
Foot attire.SOCK
85.7%
Monday to Sunday.WEEK
85.7%
Hint _ _ _ K % Correct
Awful; status.RANK
85.7%
Secretive act of closing one eye.WINK
85.7%
Wood.TEAK
81%
Pan's nemesis; curve metal used for hanging.HOOK
81%
Facial covering.MASK
81%
David Banner's alter-ego.HULK
76.2%
People; style of music.FOLK
76.2%
Hike or long-winded expedition.TREK
76.2%
Behave uncontrollably.AMOK
66.7%
It stops the water from flowing through a hose.KINK
66.7%
Chance taken into consideration.RISK
61.9%
Smoothened by a Zamboni.RINK
61.9%
In mass.BULK
57.1%
Goo; excreted fluid from infection.GUNK
57.1%
Small area, often of comfort.NOOK
57.1%
Cheat.HACK
38.1%
Best Memes YEAH BOIIIIIIIDANK
33.3%

You're not logged in!

Compare scores with friends on all Sporcle quizzes.
Join for Free
OR
Log In

You Might Also Like...

Show Comments

Extras

Top Quizzes Today


Score Distribution

Your Account Isn't Verified!

In order to create a playlist on Sporcle, you need to verify the email address you used during registration. Go to your Sporcle Settings to finish the process.

Report this User

Report this user for behavior that violates our Community Guidelines.

Details: